000 00794nam a2200277Ia 4500
008
020 _a0122694414(pbk.)
049 0 _aMAIN
090 _aTA355 FUL
100 1 _aFuller, C. R.
245 1 0 _aActive control of vibration /
_cC.R. Fuller and S.J. Elliott and P.A. Nelson.
260 _aLondon :
_bAcademic Press,
_c1996.
300 _axii, 332 p. :
_bill. ;
_c28 cm.
500 _aIncludes index.
504 _aIncludes bibliographical references.
650 0 _aVibration.
650 0 _aNoise control.
650 0 _aDamping (Mechanics)
700 1 _aElliott, S. J.
700 1 _aNelson, P. A.
907 _a.b10255539
_b08-05-08
_c08-05-08
003
005 20230123124909.0
040 _cNUST
942 _cBOOKS
_kTA355 FUL
999 _c132197
_d132197